Zwycięzcy wyborów w Polsce od 1990 - Statystyki

Ogólne statystyki
  • Ten quiz został rozwiązany 59 razy
    33 od ostatniego zresetowania
  • Średni wynik to 29 z 31
Statystyki odpowiedzi
Hint Odpowiedź % Poprawnych
Europejskie 2024 Koalicja Obywatelska
100%
Europejskie 2004 Platforma Obywatelska
100%
Samorządowe 2006 Platforma Obywatelska
100%
Parlamentarne 2007 Platforma Obywatelska
100%
Europejskie 2009 Platforma Obywatelska
100%
Prezydenckie 2010 (nominat) Platforma Obywatelska
100%
Samorządowe 2010 Platforma Obywatelska
100%
Parlamentarne 2011 Platforma Obywatelska
100%
Europejskie 2014 Platforma Obywatelska
100%
Parlamentarne 2005 Prawo i Sprawiedliwość
100%
Prezydenckie 2005 (nominat) Prawo i Sprawiedliwość
100%
Samorządowe 2014 Prawo i Sprawiedliwość
100%
Prezydenckie 2015 (nominat) Prawo i Sprawiedliwość
100%
Parlamentarne 2015 Prawo i Sprawiedliwość
100%
Samorządowe 2018 Prawo i Sprawiedliwość
100%
Europejskie 2019 Prawo i Sprawiedliwość
100%
Parlamentarne 2019 Prawo i Sprawiedliwość
100%
Prezydenckie 2020 (powiązany) Prawo i Sprawiedliwość
100%
Parlamentarne 2023 Prawo i Sprawiedliwość
100%
Samorządowe 2024 Prawo i Sprawiedliwość
100%
Parlamentarne 1993 Sojusz Lewicy Demokratycznej
96%
Samorządowe 1994 Sojusz Lewicy Demokratycznej
96%
Prezydenckie 1995 (nominat) Sojusz Lewicy Demokratycznej
96%
Prezydenckie 2000 (powiązany) Sojusz Lewicy Demokratycznej
96%
Parlamentarne 2001 Sojusz Lewicy Demokratycznej
96%
Samorządowe 2002 Sojusz Lewicy Demokratycznej
96%
Parlamentarne 1997 Akcja Wyborcza Solidarność
79%
Samorządowe 1998 Akcja Wyborcza Solidarność
79%
Prezydenckie 1990 (powiązany) Niezależny Samorządny Związek Zawodowy ,,Solidarność"
75%
Samorządowe 1990 Komitet Obywatelski ,,Solidarność"
71%
Parlamentarne 1991 Unia Demokratyczna
25%
Nie znaleziono quizów pasujących do podanych kryteriów
Rozkład punktacji
Procent ludzi z każdym wynikiem
Percentyl według liczby udzielonych odpowiedzi
Twoja historia wyników
Nie rozwiązałeś tego quizu od ostatniego zresetowania